[Event "Mistrzostwa Polski"]
[Site "Warsaw POL"]
[Date "2014.03.31"]
[Round "7"]
[White "Pakleza, Zbigniew"]
[Black "Krasenkow, Michal"]
[Result "0-1"]
[WhiteElo "2490"]
[BlackElo "2640"]
[PlyCount "102"]
[EventDate "2014.03.25"]

1. d4 Nf6 2. Nf3 g6 3. c4 d6 4. Nc3 Bg4 5. g3 c6 6. Bg2 Bg7 7. O-O Qc8 8. Re1
O-O 9. e4 e5 10. Be3 Na6 11. Qd2 Rd8 12. d5 c5 13. Bh6 Bxf3 14. Bxf3 Bxh6 15.
Qxh6 Nc7 16. Bg2 Qg4 17. a3 a5 18. Bf1 Kh8 19. Be2 Qd7 20. Bd1 Rg8 21. Qg5 Kg7
22. Qh4 Qe7 23. f4 exf4 24. e5 dxe5 25. Ne4 Nce8 26. gxf4 exf4 27. Qxf4 Nxe4
28. Rxe4 Qd6 29. Qf2 Nf6 30. Rf4 a4 31. Bc2 Rgf8 32. Rf1 Nd7 33. Rxf7+ Kg8 34.
Rxf8+ Rxf8 35. Qh4 Rxf1+ 36. Kxf1 Ne5 37. Ke2 Qb6 38. Qe4 Qxb2 39. d6 Kf8 40.
Qf4+ Nf7 41. Kd2 Qe5 42. Qxe5 Nxe5 43. Kc3 Kf7 44. Be4 b6 45. Bd5+ Kf6 46. Kd2
Nd7 47. Bc6 Ke6 48. Bxa4 Kxd6 49. h3 Nf6 50. Ke3 Ke5 51. h4 Ne4 0-1

[Event "Mistrzostwa Polski"]
[Site "Warsaw POL"]
[Date "2014.03.31"]
[Round "7"]
[White "Sadzikowski, Daniel"]
[Black "Jakubowski, Krzysztof"]
[Result "0-1"]
[WhiteElo "2470"]
[BlackElo "2527"]
[PlyCount "90"]
[EventDate "2014.03.25"]

1. d4 Nf6 2. c4 e6 3. Nf3 d5 4. e3 b6 5. Nbd2 Bb7 6. b3 Nbd7 7. Bb2 Be7 8. Bd3
O-O 9. Qc2 c5 10. cxd5 exd5 11. Rc1 cxd4 12. Bxd4 Rc8 13. Qb1 Rxc1+ 14. Qxc1
Nc5 15. Be2 Qc8 16. O-O Ba6 17. Bxa6 Qxa6 18. Qb1 Nd3 19. Bxf6 Bxf6 20. e4 Rd8
21. exd5 Rxd5 22. Ne4 Be7 23. Rd1 Rd8 24. Ne1 Nb4 25. Rxd8+ Bxd8 26. Qd1 Qc8
27. a3 Nc6 28. Nf3 Qe6 29. Qd3 Be7 30. b4 a5 31. bxa5 bxa5 32. Ned2 Ne5 33. Qc3
Nxf3+ 34. Nxf3 a4 35. g3 Qd6 36. Qc8+ Bf8 37. Kg2 Qxa3 38. Qa8 Qb4 39. h4 a3
40. Ne5 Qe7 41. f4 h5 42. g4 Qb4 43. Qd5 Qxf4 44. g5 g6 45. Nxg6 Qd6 0-1

[Event "Mistrzostwa Polski"]
[Site "Warsaw POL"]
[Date "2014.03.31"]
[Round "7"]
[White "Wieczorek, Oskar"]
[Black "Socko, Bartosz"]
[Result "0-1"]
[WhiteElo "2407"]
[BlackElo "2651"]
[PlyCount "114"]
[EventDate "2014.03.25"]

1. e4 Nf6 2. e5 Nd5 3. d4 d6 4. Nf3 Bg4 5. Be2 c6 6. O-O Bxf3 7. Bxf3 dxe5 8.
dxe5 e6 9. Nd2 Nd7 10. Re1 Qc7 11. Nc4 N7b6 12. Qe2 Be7 13. Nd6+ Bxd6 14. exd6
Qxd6 15. c4 Nf6 16. b3 O-O 17. a4 Rfd8 18. a5 Nbd7 19. a6 Rab8 20. Ba3 Qc7 21.
Rad1 Nf8 22. axb7 Rxb7 23. Rxd8 Qxd8 24. Rd1 Rd7 25. Rxd7 Qxd7 26. Qe3 Ng6 27.
Qc5 h5 28. Qd6 Qb7 29. b4 Qa6 30. b5 Qa5 31. Qb4 Qxb4 32. Bxb4 cxb5 33. cxb5
Ne5 34. Be2 Ned7 35. Kf1 Nd5 36. Bd6 g6 37. Bf3 f6 38. Ke1 N5b6 39. Ke2 Kf7 40.
Kd3 e5 41. Bc6 Ke6 42. Ba3 f5 43. f3 h4 44. Bc1 Kf6 45. Be3 Nf8 46. Kc3 Ne6 47.
Kb4 g5 48. Bg1 Ke7 49. Ka5 Nd4 50. Ka6 Nc4 51. Bd5 Na3 52. Bc6 Kd6 53. Bxd4
exd4 54. Kxa7 d3 55. b6 Kxc6 56. b7 Nb5+ 57. Ka6 Kc7 0-1

[Event "Mistrzostwa Polski"]
[Site "Warsaw POL"]
[Date "2014.03.31"]
[Round "7"]
[White "Stachowiak, Kamil"]
[Black "Swiercz, Dariusz"]
[Result "0-1"]
[WhiteElo "2442"]
[BlackElo "2631"]
[PlyCount "94"]
[EventDate "2014.03.25"]

1. d4 d5 2. c4 c6 3. Nf3 Nf6 4. Nc3 a6 5. e3 b5 6. c5 g6 7. Ne5 Nfd7 8. f4 Nxe5
9. fxe5 Bg7 10. Be2 O-O 11. O-O a5 12. a3 Na6 13. Kh1 Nc7 14. Bd2 f6 15. exf6
exf6 16. Be1 Re8 17. Bf2 f5 18. Bf3 Bh6 19. Re1 Ra7 20. Qb3 Be6 21. Ne2 Bf7 22.
Nc1 Na6 23. Nd3 Nb8 24. Ne5 Be6 25. Bg3 Qc8 26. Qc3 Nd7 27. Nd3 Bg5 28. Bf4 Bh4
29. Rf1 Qd8 30. Qd2 Bf7 31. Bd6 Bg5 32. Bf4 Qf6 33. Ne5 Nxe5 34. Bxe5 Rxe5 35.
dxe5 Qxe5 36. Rfe1 a4 37. Re2 Re7 38. Rae1 Bf6 39. Qa5 Kg7 40. Qb4 h5 41. b3
Ra7 42. Rb1 axb3 43. Rxb3 Ra4 44. Qe1 Rc4 45. Rb4 Rxc5 46. a4 Qc3 47. Qb1 Qa3
0-1

[Event "Mistrzostwa Polski"]
[Site "Warsaw POL"]
[Date "2014.03.31"]
[Round "7"]
[White "Piorun, Kacper"]
[Black "Sieciechowicz, Marcin"]
[Result "0-1"]
[WhiteElo "2570"]
[BlackElo "2436"]
[PlyCount "64"]
[EventDate "2014.03.25"]

1. e4 c5 2. Nf3 d6 3. d4 cxd4 4. Nxd4 Nf6 5. Nc3 a6 6. h3 e6 7. g4 b5 8. Bg2
Bb7 9. O-O b4 10. Nd5 exd5 11. exd5 Qb6 12. Re1+ Kd8 13. Be3 Qc7 14. c3 Nxd5
15. Bg5+ Be7 16. Rxe7 Nxe7 17. Bxb7 Qxb7 18. Nf5 f6 19. Qxd6+ Qd7 20. Qb6+ Qc7
21. Rd1+ Nd7 22. Rxd7+ Kxd7 23. Qd4+ Kc8 24. Nd6+ Kd8 25. Nf7+ Ke8 26. Nd6+ Kf8
27. Bxf6 Ng6 28. Qd5 Re8 29. Bg5 Qd7 30. Qf3+ Kg8 31. Nxe8 Qxe8 32. c4 h6 0-1

[Event "Mistrzostwa Polski"]
[Site "Warsaw POL"]
[Date "2014.03.31"]
[Round "7"]
[White "Weichhold, Pawel"]
[Black "Grabarczyk, Miroslaw"]
[Result "1/2-1/2"]
[WhiteElo "2394"]
[BlackElo "2466"]
[PlyCount "83"]
[EventDate "2014.03.25"]

1. e4 e5 2. Nf3 Nf6 3. Nxe5 d6 4. Nf3 Nxe4 5. d4 d5 6. Bd3 Be7 7. O-O Nd6 8. c3
O-O 9. Qc2 g6 10. Bf4 c6 11. Nbd2 Bf5 12. Rfe1 Bxd3 13. Qxd3 Nd7 14. Re2 Re8
15. Rae1 Bf8 16. Ne5 Nf5 17. Nxf7 Rxe2 18. Qxe2 Kxf7 19. Qe6+ Kg7 20. g4 Nh6
21. Bxh6+ Kxh6 22. Qf7 Qg5 23. Qxd7 Rd8 24. f4 Rxd7 25. fxg5+ Kxg5 26. Nf3+ Kf6
27. Re8 Bd6 28. Kf2 a6 29. h3 Kf7 30. Re2 Kf6 31. Re8 Kf7 32. Re2 Re7 33. Rxe7+
Kxe7 34. Ke2 h5 35. Kd3 hxg4 36. hxg4 Ke6 37. b4 b5 38. Kc2 Bg3 39. Kb3 Kd7 40.
Kc2 Ke6 41. Kb3 Kd7 42. Kc2 1/2-1/2

[Event "Mistrzostwa Polski"]
[Site "Warsaw POL"]
[Date "2014.03.31"]
[Round "7"]
[White "Adamski, Jan"]
[Black "Kanarek, Marcel"]
[Result "0-1"]
[WhiteElo "2302"]
[BlackElo "2476"]
[PlyCount "80"]
[EventDate "2014.03.25"]

1. Nf3 Nf6 2. c4 g6 3. Nc3 Bg7 4. e4 d6 5. d4 O-O 6. Be2 e5 7. O-O exd4 8. Nxd4
Re8 9. f3 c6 10. Kh1 Nh5 11. g4 Nf6 12. Be3 Qe7 13. Nc2 h5 14. g5 Nh7 15. Qd2
Bh3 16. Rfd1 Be5 17. Ne1 f6 18. gxf6 Nxf6 19. Bg5 Nbd7 20. Ng2 Bxg2+ 21. Kxg2
Nc5 22. Kh1 Kh7 23. Rg1 Rf8 24. Rg2 Rf7 25. Rag1 Rg8 26. Bd3 Ne6 27. Ne2 Nxg5
28. Rxg5 Ng4 29. fxg4 Bf4 30. Nxf4 Qxg5 31. gxh5 Qxf4 32. Qg2 Qf3 33. Qxf3 Rxf3
34. Rd1 Kh6 35. hxg6 Rxg6 36. e5 Re6 37. Be2 Rf2 38. Bg4 Rxe5 39. Rxd6+ Kg5 40.
Kg1 Rxb2 0-1

[Event "Mistrzostwa Polski"]
[Site "Warsaw POL"]
[Date "2014.04.01"]
[Round "8"]
[White "Duda, Jan-Krzysztof"]
[Black "Wojtaszek, Radoslaw"]
[Result "0-1"]
[WhiteElo "2563"]
[BlackElo "2713"]
[PlyCount "54"]
[EventDate "2014.03.25"]

1. e4 c5 2. Nf3 d6 3. d4 cxd4 4. Nxd4 Nf6 5. Nc3 a6 6. Bg5 e6 7. f4 h6 8. Bh4
Qb6 9. Qd2 Qxb2 10. Rb1 Qa3 11. e5 dxe5 12. fxe5 g5 13. exf6 gxh4 14. Be2 Qa5
15. O-O Nd7 16. Kh1 Qg5 17. Rf4 e5 18. Nd5 exd4 19. Qxd4 Kd8 20. Bg4 Bc5 21.
Qd2 Bd6 22. Qa5+ b6 23. Rxb6 Bc7 24. Bxd7 Qe5 25. Kg1 Rb8 26. Qb4 Bxb6+ 27.
Nxb6 Qe3+ 0-1

[Event "Mistrzostwa Polski"]
[Site "Warsaw POL"]
[Date "2014.04.01"]
[Round "8"]
[White "Jakubowski, Krzysztof"]
[Black "Gajewski, Grzegorz"]
[Result "1/2-1/2"]
[WhiteElo "2527"]
[BlackElo "2631"]
[PlyCount "134"]
[EventDate "2014.03.25"]

1. e4 c5 2. Nf3 d6 3. d4 cxd4 4. Nxd4 Nf6 5. Nc3 a6 6. a4 e5 7. Nf3 Qc7 8. Bg5
Nbd7 9. Nd2 b6 10. Bc4 Bb7 11. Qe2 Be7 12. O-O h6 13. Bxf6 Nxf6 14. Rfd1 O-O
15. Nf1 Qd7 16. Ng3 g6 17. Rd2 Rfc8 18. Rf1 Qc7 19. Bb3 Qc5 20. Kh1 h5 21. f4
h4 22. fxe5 dxe5 23. Rd7 Rc7 24. Rxc7 Qxc7 25. Qd2 hxg3 26. Qh6 Rf8 27. Rf3 Nh7
28. Rxg3 Bg5 29. Rxg5 Nxg5 30. Qxg6+ Kh8 31. Qxg5 Qd6 32. h4 Bc6 33. Kh2 Kh7
34. Qf5+ Kg7 35. Qg5+ Kh7 36. Bc4 b5 37. axb5 axb5 38. Bxb5 Bxb5 39. Nxb5 Qh6
40. Qxh6+ Kxh6 41. Nd6 Kg6 42. Kg3 Rd8 43. Nc4 f5 44. Nxe5+ Kf6 45. Nc6 Rg8+
46. Kf2 fxe4 47. Nd4 Rg4 48. g3 e3+ 49. Kxe3 Rxg3+ 50. Ke4 Rg4+ 51. Kd5 Ke7 52.
c4 Kd7 53. Nf3 Rf4 54. Ne5+ Kc7 55. h5 Rh4 56. b4 Rxh5 57. c5 Rh4 58. Nd3 Rh5+
59. Kc4 Rh4+ 60. Kb5 Re4 61. Nb2 Re8 62. Nc4 Rb8+ 63. Nb6 Rb7 64. Ka6 Kc6 65.
b5+ Kxc5 66. Na4+ Kb4 67. Kxb7 Kxb5 1/2-1/2

[Event "Mistrzostwa Polski"]
[Site "Warsaw POL"]
[Date "2014.04.01"]
[Round "8"]
[White "Markowski, Tomasz"]
[Black "Socko, Bartosz"]
[Result "1-0"]
[WhiteElo "2566"]
[BlackElo "2651"]
[PlyCount "207"]
[EventDate "2014.03.25"]

1. g3 Nf6 2. Bg2 e5 3. c4 c6 4. Nc3 d5 5. d4 e4 6. cxd5 cxd5 7. Bg5 Nbd7 8. e3
Bd6 9. Nge2 O-O 10. Qb3 h6 11. Bxf6 Nxf6 12. O-O Bc7 13. f3 Re8 14. fxe4 dxe4
15. Rac1 Bd6 16. Nf4 Rb8 17. Nh5 Be6 18. Nxf6+ gxf6 19. Qc2 f5 20. Bh3 Qg5 21.
Qf2 Bc4 22. Rfe1 Be6 23. Rf1 Bc4 24. Rfd1 Be6 25. Nb5 Bf8 26. Rf1 a6 27. Nc3
Bc4 28. Ne2 Be6 29. Nc3 Bc4 30. Bxf5 Bxf1 31. Rxf1 Bg7 32. Bxe4 Re7 33. h4 Qa5
34. Bd5 Kh8 35. Bb3 Rd8 36. Kg2 Rd6 37. Qf4 Qd8 38. Ne4 Rb6 39. Rf3 a5 40. Nc3
Rf6 41. Qg4 Qd7 42. Qh5 Rxf3 43. Qxf3 b5 44. Nd5 Re6 45. Nf4 Rc6 46. a4 Rc7 47.
Qa8+ Rc8 48. Qxa5 bxa4 49. Qxa4 Qb7+ 50. Bd5 Qxb2+ 51. Kh3 Qc1 52. Qd7 Qf1+ 53.
Kg4 Qd1+ 54. Bf3 Qc1 55. Qxf7 Qxe3 56. Qf5 Rd8 57. Be4 Kg8 58. Qe6+ Kh8 59.
Ng6+ Kh7 60. Ne7+ Kh8 61. Ng6+ Kh7 62. Nf4+ Kh8 63. Qf5 Kg8 64. Bd5+ Rxd5 65.
Qxd5+ Kh8 66. Qd8+ Kh7 67. d5 h5+ 68. Kxh5 Qf3+ 69. Kg5 Qxg3+ 70. Kf5 Qb3 71.
Qe7 Qb5 72. Kg5 Kh8 73. Qe6 Kh7 74. Qf5+ Kg8 75. Qe4 Qa5 76. Qe6+ Kh7 77. Qf5+
Kh8 78. Kg6 Qb6+ 79. Qe6 Qg1+ 80. Kf7 Qa7+ 81. Kg6 Qg1+ 82. Kf5 Qb1+ 83. Qe4
Qb8 84. h5 Qb2 85. Kg4 Qb8 86. Qe6 Qa7 87. Kf5 Qa1 88. d6 Qb1+ 89. Qe4 Qb5+ 90.
Qd5 Qd7+ 91. Ke4 Bh6 92. Qe5+ Bg7 93. Qe6 Qa4+ 94. Kf5 Qc2+ 95. Kg5 Qc5+ 96.
Qd5 Qg1+ 97. Kf5 Qb1+ 98. Ke6 Qe1+ 99. Kf7 Qc3 100. Qe6 Qd4 101. Qc8+ Kh7 102.
Qf5+ Kh8 103. Ng6+ Kh7 104. Nf8+ 1-0

[Event "Mistrzostwa Polski"]
[Site "Warsaw POL"]
[Date "2014.04.01"]
[Round "8"]
[White "Krasenkow, Michal"]
[Black "Tomczak, Jacek"]
[Result "1/2-1/2"]
[WhiteElo "2640"]
[BlackElo "2544"]
[PlyCount "106"]
[EventDate "2014.03.25"]

1. d4 Nf6 2. c4 g6 3. Nc3 d5 4. cxd5 Nxd5 5. Bd2 Nb6 6. Bf4 Bg7 7. e3 O-O 8.
Nf3 c5 9. dxc5 Bxc3+ 10. bxc3 Qxd1+ 11. Rxd1 N6d7 12. Bh6 Re8 13. Bb5 a6 14.
Ba4 Nc6 15. Nd4 Nxc5 16. Nxc6 Be6 17. Nxe7+ Rxe7 18. Bc2 Bxa2 19. O-O Bc4 20.
Rfe1 a5 21. Bf4 Re6 22. Bd6 Ne4 23. Bxe4 Rxe4 24. Rd4 Rxd4 25. exd4 h5 26. h4
b5 27. Re3 Kg7 28. Kh2 Ra6 29. Bc5 Re6 30. Rxe6 Bxe6 31. Kg3 Bd5 32. f3 Kf6 33.
Kf4 Ke6 34. g4 Bb7 35. gxh5 gxh5 36. Ke3 Kd5 37. Kd3 Bc8 38. Kc2 Bh3 39. Bf8
Bg2 40. f4 Ke4 41. Bh6 Kf5 42. Kb2 Be4 43. Ka3 Kf6 44. Kb3 Bd5+ 45. Ka3 Kg6 46.
Bf8 Kf5 47. Bh6 Kg4 48. Bg5 Kf5 49. Bh6 Ke4 50. Kb2 Kd3 51. Bf8 a4 52. Be7 Be6
53. Bf8 Bd5 1/2-1/2

[Event "Mistrzostwa Polski"]
[Site "Warsaw POL"]
[Date "2014.04.01"]
[Round "8"]
[White "Heberla, Bartlomiej"]
[Black "Warakomski, Tomasz"]
[Result "1-0"]
[WhiteElo "2544"]
[BlackElo "2498"]
[PlyCount "67"]
[EventDate "2014.03.25"]

1. d4 d5 2. c4 e6 3. Nc3 Be7 4. cxd5 exd5 5. Bf4 c6 6. e3 Bf5 7. Nf3 Nd7 8. h3
h6 9. g4 Be6 10. Bd3 g5 11. Bg3 h5 12. gxh5 Rxh5 13. Ne5 Nxe5 14. Bxe5 Rh6 15.
Qc2 Rxh3 16. Rxh3 Bxh3 17. O-O-O Nh6 18. e4 f6 19. Bg3 dxe4 20. Bxe4 f5 21. Rh1
g4 22. Bxf5 Qxd4 23. Re1 Kf8 24. Kb1 Rd8 25. Bc7 Qd2 26. Qe4 Nxf5 27. Bxd8 Qxd8
28. Qxf5+ Kg7 29. Qe6 Bg5 30. Ne4 Qd3+ 31. Ka1 Bh4 32. Nd6 g3 33. Qxh3 gxf2 34.
Re7+ 1-0

[Event "Mistrzostwa Polski"]
[Site "Warsaw POL"]
[Date "2014.04.01"]
[Round "8"]
[White "Bartel, Mateusz"]
[Black "Swiercz, Dariusz"]
[Result "1-0"]
[WhiteElo "2662"]
[BlackElo "2631"]
[PlyCount "63"]
[EventDate "2014.03.25"]

1. e4 e5 2. Nc3 Nf6 3. g3 d5 4. exd5 Nxd5 5. Bg2 Nxc3 6. bxc3 Bd6 7. d3 O-O 8.
Nf3 Bd7 9. O-O Bc6 10. Re1 Nd7 11. Rb1 Re8 12. Ng5 Bxg2 13. Kxg2 h6 14. Ne4 b6
15. Qf3 Nc5 16. Rb4 Re6 17. g4 Rc8 18. h4 Qd7 19. g5 Nxe4 20. Rbxe4 Rf8 21. Rc4
f5 22. Qd5 Kh8 23. Rxc7 Qxc7 24. Qxe6 Qc6+ 25. f3 Qc7 26. gxh6 f4 27. Kh1 Rf6
28. Qe8+ Bf8 29. Ba3 Kh7 30. Bxf8 Qb7 31. Rf1 Rxh6 32. Qe7 1-0

[Event "Mistrzostwa Polski"]
[Site "Warsaw POL"]
[Date "2014.04.01"]
[Round "8"]
[White "Pakleza, Zbigniew"]
[Black "Weichhold, Pawel"]
[Result "0-1"]
[WhiteElo "2490"]
[BlackElo "2394"]
[PlyCount "80"]
[EventDate "2014.03.25"]

1. d4 Nf6 2. Nf3 g6 3. Bf4 Bg7 4. e3 O-O 5. Be2 d6 6. h3 Nfd7 7. O-O Nc6 8. Bh2
e5 9. c3 h6 10. Nbd2 f5 11. b4 Qe7 12. Rc1 g5 13. dxe5 Ndxe5 14. Nd4 Bd7 15. b5
Na5 16. Kh1 f4 17. exf4 gxf4 18. Re1 Kh8 19. N4f3 b6 20. Nb3 Nb7 21. Nxe5 dxe5
22. Bf3 Rab8 23. c4 Be6 24. Bd5 Rbd8 25. Qc2 Bxd5 26. cxd5 Qd7 27. Qxc7 Qxd5
28. f3 Rf7 29. Qc6 Rd6 30. Qc4 Qxc4 31. Rxc4 Rd5 32. a4 Rd3 33. Rb1 Rfd7 34.
Bg1 Nd6 35. Rcc1 e4 36. fxe4 Nxe4 37. a5 f3 38. Re1 f2 39. Bxf2 Nxf2+ 40. Kg1
Nd1 0-1

[Event "Mistrzostwa Polski"]
[Site "Warsaw POL"]
[Date "2014.04.01"]
[Round "8"]
[White "Kanarek, Marcel"]
[Black "Sadzikowski, Daniel"]
[Result "1/2-1/2"]
[WhiteElo "2476"]
[BlackElo "2470"]
[PlyCount "80"]
[EventDate "2014.03.25"]

1. c4 Nf6 2. Nc3 e5 3. Nf3 Nc6 4. g3 Bc5 5. d3 d6 6. Bg2 h6 7. O-O a6 8. Nd5
O-O 9. Rb1 Ba7 10. b4 Nxd5 11. cxd5 Ne7 12. Nd2 f5 13. Bb2 f4 14. d4 Nf5 15.
Nb3 Bd7 16. Qd2 Qe8 17. Rfe1 Qg6 18. Kh1 Rae8 19. Rbc1 Bb6 20. Nc5 fxg3 21.
fxg3 dxc5 22. bxc5 exd4 23. cxb6 Ne3 24. Bf3 Rxf3 25. exf3 Qh5 26. Rxc7 Qxf3+
27. Kg1 Rf8 28. Rcc1 Bf5 29. Qf2 Qxd5 30. Bxd4 Bh3 31. Qb2 Nc4 32. Rxc4 Qxc4
33. Qb3 Qxb3 34. axb3 Rf3 35. b4 Kf7 36. Bf2 Rb3 37. Bc5 Rf3 38. Bf2 Rb3 39.
Bc5 Kf6 40. Kf2 Rb2+ 1/2-1/2

[Event "Mistrzostwa Polski"]
[Site "Warsaw POL"]
[Date "2014.04.01"]
[Round "8"]
[White "Sieciechowicz, Marcin"]
[Black "Wieczorek, Oskar"]
[Result "1-0"]
[WhiteElo "2436"]
[BlackElo "2407"]
[PlyCount "93"]
[EventDate "2014.03.25"]

1. d4 Nf6 2. c4 g6 3. Nc3 Bg7 4. e4 O-O 5. Nf3 c6 6. Be2 d5 7. e5 Ne4 8. Qc2
Nxc3 9. Qxc3 dxc4 10. Bxc4 c5 11. dxc5 Bg4 12. O-O Nd7 13. Bf4 Qc7 14. b4 Bxf3
15. Qxf3 Bxe5 16. Bxe5 Nxe5 17. Qf4 Rac8 18. Bb3 Nc6 19. Qc4 a5 20. a3 e5 21.
f4 Nd4 22. Ba2 axb4 23. axb4 b6 24. fxe5 bxc5 25. b5 Ne6 26. Rae1 Rcd8 27. Rf6
Qa5 28. Ra1 Qb6 29. Kh1 Qc7 30. Qf1 Qxe5 31. Re1 Qb2 32. Bc4 Rde8 33. h3 Kg7
34. Rf2 Qc3 35. b6 Ng5 36. Rxe8 Rxe8 37. b7 f5 38. Bd5 Qb4 39. Qa1+ Kh6 40. Rf1
Ne4 41. Bxe4 Qxe4 42. Qc1+ Kh5 43. Qd1+ Kh6 44. Qd2+ f4 45. Qb2 Qb4 46. Qxb4
cxb4 47. Rxf4 1-0

[Event "Mistrzostwa Polski"]
[Site "Warsaw POL"]
[Date "2014.04.01"]
[Round "8"]
[White "Grabarczyk, Miroslaw"]
[Black "Stachowiak, Kamil"]
[Result "1/2-1/2"]
[WhiteElo "2466"]
[BlackElo "2442"]
[PlyCount "70"]
[EventDate "2014.03.25"]

1. d4 Nf6 2. c4 c5 3. d5 b5 4. cxb5 a6 5. bxa6 g6 6. Nc3 Bxa6 7. Nf3 d6 8. g3
Bg7 9. Bg2 Nfd7 10. O-O Nb6 11. Qc2 N8d7 12. Nd2 O-O 13. Re1 Bb7 14. Qb3 Bxc3
15. bxc3 Ra4 16. Nf1 Qa8 17. Ne3 Qa5 18. Bb2 Ra8 19. a3 c4 20. Qd1 Nf6 21. Rb1
Nbxd5 22. Qd2 Rc8 23. Bc1 Ba8 24. Nxd5 Bxd5 25. e4 Ba8 26. Rb4 Qa6 27. e5 dxe5
28. Bxa8 Qxa8 29. Rxe5 Rxb4 30. axb4 Rd8 31. Qe1 Qf3 32. Bd2 Qd3 33. Bg5 Qf3
34. Bd2 Qd3 35. Bg5 Qf3 1/2-1/2

[Event "Mistrzostwa Polski"]
[Site "Warsaw POL"]
[Date "2014.04.01"]
[Round "8"]
[White "Adamski, Jan"]
[Black "Piorun, Kacper"]
[Result "1/2-1/2"]
[WhiteElo "2302"]
[BlackElo "2570"]
[PlyCount "85"]
[EventDate "2014.03.25"]

1. Nf3 f5 2. c4 Nf6 3. Nc3 g6 4. d3 d6 5. e4 Bg7 6. exf5 Bxf5 7. d4 O-O 8. Bd3
Bg4 9. Be2 Na6 10. O-O c5 11. Be3 Rc8 12. Rc1 Bd7 13. h3 cxd4 14. Nxd4 Nc5 15.
b4 Ne6 16. Qd2 Kh8 17. Rfd1 Qe8 18. a3 Qf7 19. Re1 Nxd4 20. Bxd4 Be6 21. Bxf6
Qxf6 22. Bf1 Bxc4 23. Ne4 Qf7 24. Bxc4 Rxc4 25. Ng5 Qf4 26. Qxf4 Rfxf4 27. Rxc4
Rxc4 28. Rxe7 Rc1+ 29. Kh2 Bf6 30. Nf7+ Kg8 31. Nh6+ Kh8 32. Nf7+ Kg8 33. Rd7
Rc2 34. f4 Bh4 35. Ng5 Bxg5 36. fxg5 Rc6 37. Rxb7 Ra6 38. Rd7 Rxa3 39. Rxd6 a5
40. bxa5 Rxa5 41. Rd8+ Kg7 42. Rd7+ Kg8 43. h4 1/2-1/2

[Event "Mistrzostwa Polski"]
[Site "Warsaw POL"]
[Date "2014.04.02"]
[Round "9"]
[White "Wojtaszek, Radoslaw"]
[Black "Bartel, Mateusz"]
[Result "1-0"]
[WhiteElo "2713"]
[BlackElo "2662"]
[PlyCount "113"]
[EventDate "2014.03.25"]

1. d4 d5 2. c4 c6 3. e3 e6 4. Nc3 Bd6 5. Bd3 f5 6. f4 Qh4+ 7. g3 Qe7 8. Qc2 Nf6
9. Nf3 O-O 10. Bd2 Ne4 11. Rg1 b5 12. c5 Bc7 13. Ne2 a5 14. Rg2 Bd7 15. O-O-O
Na6 16. Rdg1 b4 17. g4 g6 18. gxf5 exf5 19. Ne5 Bxe5 20. fxe5 Nxd2 21. Qxd2 Nc7
22. Nf4 Ne6 23. Qf2 Nxf4 24. Qxf4 Rf7 25. h4 Rg7 26. h5 Qe6 27. hxg6 hxg6 28.
Qh6 Kf7 29. Rg5 Rf8 30. Bc2 Rgg8 31. Bd1 Rh8 32. Qxg6+ Qxg6 33. Rxg6 Ke7 34.
Ba4 b3 35. Rg7+ Kd8 36. Bxb3 f4 37. exf4 Rxf4 38. Re1 Rh6 39. Rg8+ Ke7 40. Rg7+
Kd8 41. Rg8+ Ke7 42. Ra8 Rxd4 43. Rxa5 Rdh4 44. Ra7 Ke6 45. Bd1 Rc4+ 46. Kb1
Be8 47. a4 Bg6+ 48. Ka2 Be4 49. Bb3 Rd4 50. Rb7 Rh8 51. Rc7 Kxe5 52. Rxc6 Rb8
53. Rb6 Rxb6 54. cxb6 Rb4 55. a5 Rb5 56. Ba4 Rxa5 57. b7 1-0

[Event "Mistrzostwa Polski"]
[Site "Warsaw POL"]
[Date "2014.04.02"]
[Round "9"]
[White "Gajewski, Grzegorz"]
[Black "Tomczak, Jacek"]
[Result "1-0"]
[WhiteElo "2631"]
[BlackElo "2544"]
[PlyCount "63"]
[EventDate "2014.03.25"]

1. c4 Nf6 2. Nc3 e5 3. Nf3 Nc6 4. e3 d5 5. cxd5 Nxd5 6. Bb5 Nxc3 7. bxc3 Bd6 8.
d4 e4 9. Nd2 Qg5 10. Bf1 Qg6 11. g3 O-O 12. Bg2 Re8 13. O-O Bg4 14. Qc2 Bf5 15.
Rb1 Rab8 16. Rb5 a6 17. Rxf5 Qxf5 18. Bxe4 Qh5 19. Bg2 Na5 20. e4 c5 21. e5 Bf8
22. Bf3 Qg6 23. Be4 Qh5 24. Nf3 cxd4 25. cxd4 Nc6 26. Kg2 f6 27. h3 f5 28. Bd5+
Kh8 29. Ng5 Nxd4 30. Qc4 Nc6 31. Nf7+ Kg8 32. Bxc6 1-0

[Event "Mistrzostwa Polski"]
[Site "Warsaw POL"]
[Date "2014.04.02"]
[Round "9"]
[White "Weichhold, Pawel"]
[Black "Duda, Jan-Krzysztof"]
[Result "1-0"]
[WhiteElo "2394"]
[BlackElo "2563"]
[PlyCount "99"]
[EventDate "2014.03.25"]

1. e4 c5 2. Nf3 d6 3. d4 cxd4 4. Nxd4 Nf6 5. Nc3 a6 6. Be3 e5 7. Nb3 Be6 8. h3
Be7 9. Qf3 O-O 10. O-O-O b5 11. g4 b4 12. Nd5 Nxd5 13. exd5 Bc8 14. Bd3 a5 15.
Nc5 a4 16. Kb1 Nd7 17. Nxd7 Bxd7 18. Qe4 f5 19. gxf5 Rxf5 20. Qxb4 Rh5 21. c4
Rb8 22. Qd2 Qc8 23. Rdg1 Bf6 24. Be2 Rf5 25. Rc1 e4 26. Rc2 Qe8 27. a3 h5 28.
Ka2 Be5 29. h4 Qg6 30. Qd1 Qf6 31. Bg5 Qf8 32. Be3 Rb3 33. Rg1 Rxf2 34. Bxf2
Qxf2 35. c5 Qe3 36. Bc4 Qxc5 37. Bxb3 axb3+ 38. Kxb3 Qb5+ 39. Ka2 Bg4 40. Qd2
Kh7 41. b3 Bf6 42. Rc4 Qe8 43. Qf4 e3 44. Rxg4 hxg4 45. Qxg4 Kh6 46. Qf4+ Kh5
47. Qf3+ Kg6 48. Qg4+ Kh6 49. Qe4 Qg6 50. Qxe3+ 1-0

[Event "Mistrzostwa Polski"]
[Site "Warsaw POL"]
[Date "2014.04.02"]
[Round "9"]
[White "Markowski, Tomasz"]
[Black "Heberla, Bartlomiej"]
[Result "1/2-1/2"]
[WhiteElo "2566"]
[BlackElo "2544"]
[PlyCount "83"]
[EventDate "2014.03.25"]

1. d4 d5 2. Nf3 c5 3. c4 cxd4 4. cxd5 Nf6 5. Qxd4 Qxd5 6. Nc3 Qxd4 7. Nxd4 a6
8. g3 Bd7 9. Bg2 e5 10. Nb3 Bc6 11. O-O Bb4 12. Bg5 Bxg2 13. Kxg2 Bxc3 14. Bxf6
gxf6 15. bxc3 Nd7 16. Na5 Ke7 17. Nxb7 Rab8 18. Rab1 Rhc8 19. Rb3 Rc7 20. Rfb1
Rbc8 21. Rc1 f5 22. Rd1 Rb8 23. Nd6 Ke6 24. Nxf5 Rxb3 25. Ng7+ Ke7 26. axb3
Rxc3 27. Nf5+ Kd8 28. b4 Kc7 29. Nd6 Rb3 30. Nxf7 Rxb4 31. Ng5 h6 32. Ne6+ Kc6
33. Rc1+ Kb6 34. Rd1 Kc6 35. Rc1+ Kb6 36. Rc7 Nb8 37. Rh7 a5 38. Rxh6 a4 39.
Nf4+ Ka5 40. Nd5 Rd4 41. Ne3 a3 42. Rh8 1/2-1/2

[Event "Mistrzostwa Polski"]
[Site "Warsaw POL"]
[Date "2014.04.02"]
[Round "9"]
[White "Jakubowski, Krzysztof"]
[Black "Krasenkow, Michal"]
[Result "1/2-1/2"]
[WhiteElo "2527"]
[BlackElo "2640"]
[PlyCount "80"]
[EventDate "2014.03.25"]

1. d4 Nf6 2. Nf3 g6 3. c3 Bg7 4. Bg5 Ne4 5. Bf4 c5 6. Nbd2 d5 7. e3 Nxd2 8.
Qxd2 Nc6 9. dxc5 e5 10. Bg3 O-O 11. Bb5 f6 12. c4 Be6 13. cxd5 Qxd5 14. Qxd5
Bxd5 15. O-O Rfd8 16. Rfd1 Be6 17. Nd2 Nb4 18. Ne4 Bxa2 19. f4 Rxd1+ 20. Rxd1
f5 21. Nc3 Bb3 22. Rd7 Bf8 23. fxe5 Bxc5 24. Bf4 b6 25. Bg5 a6 26. Be2 Re8 27.
Bf6 Bxe3+ 28. Kf1 Bh6 29. h3 b5 30. g4 Nc6 31. Nd5 Bxd5 32. Rxd5 Bf4 33. Rd6
Nxe5 34. Rxa6 Nc4 35. gxf5 Nd2+ 36. Kf2 Ne4+ 37. Kf3 Nxf6 38. Rxf6 Bg5 39. Re6
Rxe6 40. fxe6 b4 1/2-1/2

[Event "Mistrzostwa Polski"]
[Site "Warsaw POL"]
[Date "2014.04.02"]
[Round "9"]
[White "Socko, Bartosz"]
[Black "Sieciechowicz, Marcin"]
[Result "1-0"]
[WhiteElo "2651"]
[BlackElo "2436"]
[PlyCount "115"]
[EventDate "2014.03.25"]

1. e4 c5 2. Nf3 d6 3. d4 cxd4 4. Qxd4 a6 5. c4 Nc6 6. Qe3 g6 7. h3 Bh6 8. Qc3
Qa5 9. Bxh6 Nxh6 10. Qxa5 Nxa5 11. Nc3 e6 12. Be2 Bd7 13. O-O-O Ke7 14. e5 dxe5
15. Nxe5 Rhd8 16. Nxd7 Rxd7 17. Rxd7+ Kxd7 18. Rd1+ Ke7 19. Kc2 Rd8 20. Rxd8
Kxd8 21. Ne4 Nf5 22. Kc3 Nc6 23. g4 Nfd4 24. Bd1 f5 25. Nc5 Kc7 26. f4 a5 27.
a3 h6 28. Nd3 g5 29. b4 axb4+ 30. axb4 b5 31. c5 Kd7 32. gxf5 exf5 33. Ne5+
Nxe5 34. Kxd4 Nc6+ 35. Kc3 gxf4 36. Be2 Na7 37. h4 Ke6 38. Bf3 Ke5 39. Bb7 Kf6
40. Kd4 Ke6 41. Bd5+ Kf6 42. c6 Nc8 43. Kc5 Ke7 44. Kxb5 Kd6 45. Bf3 Kc7 46.
Kc5 Nb6 47. h5 Na4+ 48. Kd5 Nc3+ 49. Ke5 Na2 50. Kxf4 Nxb4 51. Kxf5 Nd3 52. Be4
Nf2 53. Bg2 Kd6 54. Kg6 Ng4 55. Kg7 Ne3 56. Kxh6 Nxg2 57. Kg5 Ne1 58. h6 1-0